|
|
|
|
| LEADER |
00746nab a2200205 i 4500 |
| 001 |
misc61039 |
| 005 |
20230203122815.0 |
| 008 |
220704s1973 hu o 0|| ger d |
| 040 |
|
|
|a SZTE Miscellanea Repozitórium
|b hun
|
| 041 |
|
|
|a ger
|
| 100 |
1 |
|
|a Márvány János
|
| 245 |
1 |
0 |
|a Laut- und Wortgeographie der deutschen Mundarten im Völgység und Hegyhát
|h [elektronikus dokumentum] :
|b kandidátusi értekezés tézisei /
|c Márvány János
|
| 260 |
|
|
|c 1973
|
| 300 |
|
|
|a 19 p.
|c 20 cm
|
| 561 |
|
|
|a Németh Gyula hagyaték
|
| 591 |
|
|
|a NOV 3475
|
| 650 |
|
4 |
|a Bölcsészettudományok
|
| 650 |
|
4 |
|a Nyelvek és irodalom
|
| 695 |
|
|
|a Német nyelvjárás
|
| 856 |
4 |
0 |
|u http://misc.bibl.u-szeged.hu/61039/1/3475_nov_m39.pdf
|z Dokumentum-elérés
|